| 000 | 01067nam a2200253 i 4500 | ||
|---|---|---|---|
| 001 | 106466 | ||
| 003 | ES-MaACL | ||
| 005 | 20250930063109.0 | ||
| 007 | t| | ||
| 008 | 221106s1961 sp ||||1| spa d | ||
| 080 | _a658.012 | ||
| 100 | 1 |
_aAlonso García, Manuel, _d1926-1988 _920324 |
|
| 245 | 1 | 3 |
_aLa democracia industrial y las transformaciones de la empresa / _cManuel Alonso García. |
| 260 |
_aMadrid : _bAteneo, _c1961. |
||
| 300 |
_a49 p. ; _c19 cm. |
||
| 490 | 1 |
_aColección "O crece o muere" ; _v155 |
|
| 500 | _aEste trabajo fue dado a conocer por su autor en la conferencia pronunciada el día 12 de agosto de 1960 en el "Curso sobre pensamiento social", organizado por el Ateneo de Madrid en la Universidad Internacional "Menéndez Pelayo" en Santander. | ||
| 650 | 1 | 7 |
_aReorganización de empresas _2embne _916848 |
| 710 | 2 |
_aAteneo de Madrid. _91875 |
|
| 710 | 2 |
_aUniversidad Internacional Menéndez Pelayo. _97384 |
|
| 830 | 0 | 0 |
_aColección "O crece o muere" _v155 _9183476 |
| 852 |
_aES-MaACL _j2208-F-4 |
||
| 999 |
_c106466 _d106466 |
||